| 000 -LEADER | |
|---|---|
| fixed length control field | 00401cam a2200157 a 4500 |
| 020 ## - INTERNATIONAL STANDARD BOOK NUMBER | |
| ISBN | 9780312445850 (pbk.) |
| 050 00 - LIBRARY OF CONGRESS CALL NUMBER | |
| Classification number | PN1995 |
| 100 1# - MAIN ENTRY--AUTHOR NAME | |
| Personal name | Corrigan, Timothy, |
| 245 10 - TITLE STATEMENT | |
| Title | Film experience : |
| 250 ## - EDITION STATEMENT | |
| Edition statement | 2nd ed. |
| 260 ## - PUBLICATION, DISTRIBUTION, ETC. (IMPRINT) | |
| Place of publication | New York, NY : |
| Name of publisher | Bedford/St. Martins, |
| Year of publication | c2009. |
| 300 ## - PHYSICAL DESCRIPTION | |
| Number of Pages | xxii, 583 p. : |
| Other physical details | ill. (some col.) ; |
| 650 #0 - SUBJECT ADDED ENTRY--TOPICAL TERM | |
| Topical Term | Motion pictures. |
| 700 1# - ADDED ENTRY--PERSONAL NAME | |
| Personal name | White, Patricia, |
| 942 ## - ADDED ENTRY ELEMENTS (KOHA) | |
| Koha item type | Books |
| Koha item type | Collection code | Shelving location | Accession Number | Permanent Location | Current Location | Date acquired | Full call number |
|---|---|---|---|---|---|---|---|
| Books | Lending | Lending | 0928 | Chapman Library | Chapman Library | 2016-03-04 | PN1995cor |
| Books | Lending | Lending | 0929 | Chapman Library | Chapman Library | 2016-03-04 | PN1995cor |
| Books | Lending | Lending | 0954 | Chapman Library | Chapman Library | 2016-03-04 | PN1995cor |

